<?xml version="1.0" encoding="UTF-8"?><?xml-stylesheet type="text/xsl" href="static/style.xsl"?><OAI-PMH xmlns="http://www.openarchives.org/OAI/2.0/" xmlns:xsi="http://www.w3.org/2001/XMLSchema-instance" xsi:schemaLocation="http://www.openarchives.org/OAI/2.0/ http://www.openarchives.org/OAI/2.0/OAI-PMH.xsd"><responseDate>2026-04-13T04:59:38Z</responseDate><request verb="GetRecord" identifier="oai:www.recercat.cat:2117/331486" metadataPrefix="marc">https://recercat.cat/oai/request</request><GetRecord><record><header><identifier>oai:recercat.cat:2117/331486</identifier><datestamp>2026-01-15T06:41:10Z</datestamp><setSpec>com_2072_1033</setSpec><setSpec>col_2072_452950</setSpec></header><metadata><record xmlns="http://www.loc.gov/MARC21/slim" xmlns:dcterms="http://purl.org/dc/terms/" xmlns:xsi="http://www.w3.org/2001/XMLSchema-instance" xmlns:doc="http://www.lyncode.com/xoai" xsi:schemaLocation="http://www.loc.gov/MARC21/slim http://www.loc.gov/standards/marcxml/schema/MARC21slim.xsd">
   <leader>00925njm 22002777a 4500</leader>
   <datafield ind2=" " ind1=" " tag="042">
      <subfield code="a">dc</subfield>
   </datafield>
   <datafield ind2=" " ind1=" " tag="720">
      <subfield code="a">Navarro Ezquerra, Antonia</subfield>
      <subfield code="e">author</subfield>
   </datafield>
   <datafield ind2=" " ind1=" " tag="720">
      <subfield code="a">Gómez Gras, David Manuel</subfield>
      <subfield code="e">author</subfield>
   </datafield>
   <datafield ind2=" " ind1=" " tag="720">
      <subfield code="a">Martín Martín, Juan Diego</subfield>
      <subfield code="e">author</subfield>
   </datafield>
   <datafield ind2=" " ind1=" " tag="720">
      <subfield code="a">Rosell Amigó, Juan Ramón</subfield>
      <subfield code="e">author</subfield>
   </datafield>
   <datafield ind2=" " ind1=" " tag="720">
      <subfield code="a">Ajanaf, Taoufik</subfield>
      <subfield code="e">author</subfield>
   </datafield>
   <datafield ind2=" " ind1=" " tag="720">
      <subfield code="a">Maate, Ali</subfield>
      <subfield code="e">author</subfield>
   </datafield>
   <datafield ind2=" " ind1=" " tag="260">
      <subfield code="c">2020</subfield>
   </datafield>
   <datafield ind2=" " ind1=" " tag="520">
      <subfield code="a">The characterization of building materials is a key tool to assess deterioration processes and improve potential restoration works of archaeological sites. The aim of this paper is to identify and characterize most important building stone used in the construction of the Roman city of Lixus (Larache, Morocco) by means of petrographic and petrophysical techniques. Based on the visual analysis of the monuments, three major building stones (i.e. lithotypes) have been identified: i) Oligocene sandstones, ii) Quaternary sandstones and iii) Quaternary conglomerates. Based on the analysis of the regional geology and exploitation marks, these three lithotypes have been recognised to crop out in the surroundings of Lixus and the quarries, presumably Roman in origin, recognized. The Oligocene sandstone is the primary building stone in Lixus as it forms and crops out extensively in the Tchemmis hill, at top of which the city is settled. The Quaternary sandstones and conglomerates, which represent nearshore deposits and eolianites, crop out along the Atlantic coast where they form part of the cliffs next to Larache. Petrographic results indicate that lithotypes differ notably in grain size, ratio of detrital to allochemical components, and the configuration of their porous system. Mechanical analysis show that the Oligocene sandstones are more resistant to compression than the Quaternary sandstones and conglomerates, the latter exhibiting relatively low compressive strength. The Oligocene sandstones, which display scarce porosity and permeability, show a hydric behaviour characterized by a very low degree of absorbing and desorbing water, likely resulting from a poor connectivity of the pore network. Contrary to the latter lithotype, the Quaternary sandstones, which exhibit very high porosity and permeability, display a hydric behaviour characterized by high degree of both absorbing and desorbing water. This is attributed to the low degree of cementation compared to porosity of this lithotype and the excellent connectivity of the porous network. Finally, the accelerated artificial aging test of the Oligocene and Quaternary sandstones do not show a significant weight loss after the accelerated artificial aging test, indicating that both are slightly affected by salt crystallization and presumably ice as well. Results indicate that the relatively fine state of conservation of the building rocks of Lixus is linked to intrinsic factors as mineralogy and petrophysical characteristics together with the favourable effect of the climatic condition of the study area.</subfield>
   </datafield>
   <datafield ind2=" " ind1=" " tag="520">
      <subfield code="a">Peer Reviewed</subfield>
   </datafield>
   <datafield ind2=" " ind1=" " tag="520">
      <subfield code="a">Postprint (published version)</subfield>
   </datafield>
   <datafield tag="653" ind2=" " ind1=" ">
      <subfield code="a">Àrees temàtiques de la UPC::Edificació::Rehabilitació d'edificis</subfield>
   </datafield>
   <datafield tag="653" ind2=" " ind1=" ">
      <subfield code="a">Salvage archaeology</subfield>
   </datafield>
   <datafield tag="653" ind2=" " ind1=" ">
      <subfield code="a">Building materials</subfield>
   </datafield>
   <datafield tag="653" ind2=" " ind1=" ">
      <subfield code="a">Building stone</subfield>
   </datafield>
   <datafield tag="653" ind2=" " ind1=" ">
      <subfield code="a">Lixus</subfield>
   </datafield>
   <datafield tag="653" ind2=" " ind1=" ">
      <subfield code="a">Petrography</subfield>
   </datafield>
   <datafield tag="653" ind2=" " ind1=" ">
      <subfield code="a">Petrophysics</subfield>
   </datafield>
   <datafield tag="653" ind2=" " ind1=" ">
      <subfield code="a">Durability</subfield>
   </datafield>
   <datafield tag="653" ind2=" " ind1=" ">
      <subfield code="a">Arqueologia preventiva</subfield>
   </datafield>
   <datafield tag="653" ind2=" " ind1=" ">
      <subfield code="a">Materials de construcció</subfield>
   </datafield>
   <datafield ind2="0" ind1="0" tag="245">
      <subfield code="a">The building stone of the Roman city of Lixus (NW Morocco): provenance, petrography and petrophysical characterization</subfield>
   </datafield>
</record></metadata></record></GetRecord></OAI-PMH>